000 00593nam a2200229Ia 4500
003 OSt
005 20221007071109.0
006 a|||||r|||| 00| 0
007 ta
008 221006b |||||||| |||| 00| 0 eng d
024 _a25,604
037 _cTextual
040 _aFLL
_cFLL
_beng
041 _2eng
_aeng
082 _aZ:91, H4
100 _aPound Roscoe
_979221
245 0 _aTask of law
260 _aLancaster
_bFranklin and Marshall College Pennsylvania
_c1944
300 _a1-94p
_ccm.
942 _hZ:91, H4
_cTEXL
_2CC
999 _c1142444
_d1142444